| 000 | 00783nam a2200157Ia 4500 | ||
|---|---|---|---|
| 008 | 151213s9999 xx 000 0 und d | ||
| 100 | _aপমো: আব্দুল হালিম । | ||
| 245 |
_aসংবিধান, সাংবিধানিক আইন, রাজনীতি : বাংলাদেশ প্রসঙ্গ।সংবিধান, সাংবিধানিক আইন, রাজনীতি : বাংলাদেশ প্রসঙ্গ। _cপমো: আব্দুল হালিম । |
||
| 250 | _a৫ম সং | ||
| 260 |
_aঢাকা _bসিসিবি ফাউন্ডেশন _c2008 |
||
| 300 | _a6871 p. | ||
| 650 | _aLaw | ||
| 650 | _aLaw | ||
| 700 | _aপমো: আব্দুল হালিম । | ||
| 999 |
_c3696 _d3696 |
||